00259 a2200109 450000100060000008200160000610000180002224500340004026000400007430000160011450000190013064408 a303.622 GRE aGreene,Robert a33 Strategies of WarhEnglish aNew DelhibViva Books Pvt Ltdc2006 axxii, 743p. aPAF Books club